| Registos Bibliográficos associados ao registo de autoridade |
|
Etiqueta de registo: 00230nam 2200025 450 001 1803672 003 http://id.bnportugal.gov.pt/bib/catbnp/1803672 100 ## $a20120215d2010 k y0pory0103 ba 101 0# $aeng$dpor 102 ## $aPT 105 ## $aa m 000yy 106 ## $ar 200 1# $aIntegrated studies of the ATLAS detector calibration and alignment processes and their
impact in the scientific discovery potential$fBelmiro António Venda Pinto$gorient. António Amorim 210 #9 $aLisboa$c[s.n.],$d2010 215 ## $a[6], 138 p.$cil.$d30 cm$ecurriculum vitae ([4] f.) 215 ## $a1 disco óptico (CD-ROM) em caixa$cil.$d13 x 14 x 1 cm 305 ## $aEd. impressa e em CD-ROM 320 ## $aContém bibliografia 328 #1 $aTese dout. Física, Fac. de Ciências, Univ. de Lisboa, 2010 675 ## $a539.1(043)$vBN$zpor$3300061 700 #1 $aPinto,$bBelmiro António Venda,$f1970-$31483851 702 #1 $96$aAmorim,$bAntónio$4727$31483852 801 #0 $aPT$bBN$gRPC 966 ## $lBN$mDEM$sS.A. 52657 P.$x1 966 ## $lBN$mFGMON$sS.A. 144961 V.$x1
Etiqueta de registo: 00000nam 2200025 450 001 2013197 003 http://id.bnportugal.gov.pt/bib/catbnp/2013197 100 ## $a20190131d2016 m y0pory01030103ba 101 0# $aeng$dpor 102 ## $aPT 105 ## $aa z 000yy 106 ## $ar 200 1# $aBeam characterization and guiding for optical-infrared interferometry$fNarsireddy Anugu$gsupervisor Paulo Garcia, António Amorim 210 #9 $aPorto$c[s.n.],$d2016 215 ## $aXII, 222, 33 p.$cil.$d30 cm 328 #1 $aTese dout. Engenharia Física, Faculdade de Engenharia, Universidade do Porto, 2016 675 ## $a535.4(043)$vBN$zpor$31482055 675 ## $a520.2/.3(043)$vBN$zpor$31697772 675 ## $a524.6(043)$vBN$zpor$31387504 700 #1 $aAnugu,$bNarsireddy$31740345 702 #1 $aGarcia,$bPaulo Jorge Valente$4727$3221733 702 #1 $96$aAmorim,$bAntónio$4727$31483852 801 #0 $aPT$bBN$gRPC 966 ## $lBN$mFGMON$sS.A. 171164 V.$x1
Etiqueta de registo: 00254nam 2200025 450 001 2278561 003 http://id.bnportugal.gov.pt/bib/catbnp/2278561 100 ## $a20260310d2025 k y0pory01030103ba 101 0# $aeng$dpor 102 ## $aPT 105 ## $aa m 000yy 106 ## $ar 200 1# $aSpace enable Q-switched microchip laser$fBruno António Tomás do Couto$gorient. António Amorim, Paulo Gordo, Dawei Liang 210 #9 $aLisboa$c[s.n.],$d2025 215 ## $aXXXII, 204 p.$cil.$d30 cm$ecurrículum vitae (p. 6) 328 #1 $aTese dout. Engenharia Física, Faculdade de Ciências, Universidade de Lisboa, 2025 675 ## $a535.14(043)$vBN$zpor$31388231 700 #1 $aCouto,$bBruno António Tomás do,$f1985-$31990274 702 #1 $96$aAmorim,$bAntónio$4727$31483852 702 #1 $aGordo,$bPaulo Romeu Seabra$4727$31287986 702 #0 $aDawei,$bLiang$4727$31394807 801 #0 $aPT$bBN$gRPC 966 ## $lBN$mFGMON$sS.A. 193582 V.$x1 971 ## $cabrito$d20260310 972 ## $e0$z0$d20260421$vasantos 973 ## $cmlsousa$d20260414
|
|
|